| 000 | 00375nam a22001457a 4500 | ||
|---|---|---|---|
| 020 | _a9781292088723 | ||
| 040 | _cNUST | ||
| 082 | _a620.1054 HIB | ||
| 100 | _aHibbeler R. C. | ||
| 245 | _aEngineering Mechanics: Dynamics | ||
| 250 | _a14th Edition | ||
| 260 |
_aEngland: _bPearson Education, _c2017. |
||
| 650 |
_aEngineering Mechanics Dynamics _93079 |
||
| 942 |
_2ddc _cBK |
||
| 999 |
_c589936 _d589936 |
||